000 00417nam a2200169Ia 4500
003 Ost
005 20260225132600.0
008 260225s9999||||xx |||||||||||||| ||und||
020 _a9789961017227
040 _cfsic
041 _afre
082 _a70.4
100 _aahcene djaballah belkacem
_eAuteur
245 0 _aéconomie de la presse et des medias /
245 0 _cahcene djaballah belkacem
942 _cكتاب
999 _c34728
_d34728